000 00774nam a22002177a 4500
001 2162214035923929
003 UA-OsUOA
005 20230728120409.0
008 230726b un ||||| |||| 00| 0 ukr d
040 _aUA-OsUOA
_bukr
_cUA-OsUOA
_dUA-OsUOA
041 _aeng
080 _a77.03(082)
090 _a77.03(082)
111 _aChornobyl. 5 years after
_cDetroit
_d16.04.1991-05.05.1991
245 _aChornobyl
_b5 years after
260 _c1991
300 _a42 p.
650 _2UDC
_a77.03 Документальна фотографія. Фотографічні записи та їхня оцінка
942 _2udc
_cBR
999 _c574700
_d574700